Statistiken für Torschützen FC Bayern München 2021/2022

Klicken Sie hier um das Quiz zu spielen!

Allgemein

  • Dieses Quiz wurde 689 mal gespielt
  • Das Durchschnittsergebnis liegt bei 12 aus 18

Antwortstatistiken

Tore
insgesamt
BL
DFB-
Pokal
DFL-
Supercup
CLSpieler% Korrekt
5035-213Robert Lewandowski
99%
1714--3Serge Gnabry
98%
138-14Thomas Müller
98%
33---Joshua Kimmich
96%
1471-6Leroy Sané
96%
33---Leon Goretzka
92%
86--2Kingsley Coman
86%
852-1Jamal Musiala
84%
944-1Eric Maxim Choupo-Moting
71%
11---Dayot Upamecano
68%
11---Niklas Süle
67%
11---Marcel Sabitzer
54%
321--Corentin Tolisso
43%
1-1--Bouna Sarr
36%
11---Josip Stanišić
33%
11---Tanguy Nianzou
26%
1-1--Malik Tillman
16%
1-1--Michaël Cuisance
12%

Verteilung der Resultate

Perzentil nach korrekt beantworteten Fragen

Anzahl Personen mit jedem Resultat

Ihre Resultats-Entwicklung

Sie haben dieses Quiz noch nicht gespielt